000 00521nam a2200181 4500
005 20260311104628.0
008 170315b xxu||||| |||| 00| 0 eng d
020 _a9556131000
041 _gENG
082 _a930.1
_bGEN
245 _a10th General Assembly Colombo Proceedings
260 _aColombo:
_bICOMOS, Central Cultural Fund Publication
_c1993.
300 _a 171p,
_c29cm
700 _aBandaranayake, Senake
_92202
700 _aAlwis,Lakshman
_94069
700 _aSilva, Nimal de
_94070
_eCom:
942 _2ddc
_cBK
999 _c5713
_d5713